KOHA-Header-6

Consumer Behavior (Record no. 8785)

000 -LEADER
fixed length control field 00257nam a2200109Ia 4500
100 ## - MAIN ENTRY--AUTHOR NAME
Personal name Leon G.Schiffman
245 #0 - TITLE STATEMENT
Title Consumer Behavior
260 ## - PUBLICATION, DISTRIBUTION, ETC. (IMPRINT)
Place of publication New Delhi
Name of publisher Prentice
Year of publication 1992
300 ## - PHYSICAL DESCRIPTION
Number of Pages 482
942 ## - ADDED ENTRY ELEMENTS (KOHA)
Koha item type Books
Holdings
Withdrawn status Lost status Collection code Permanent Location Current Location Shelving location Date acquired Full call number Accession Number Koha item type
    Marketing MAJU MAJU   2019-09-14 658.403 3765 Marketing
      MAJU MAJU   2022-07-29 658.403 3766 Marketing

Powered by Koha